[Event "European Blitz-ch 2018"]
[Site "Skopje"]
[Date "2018.12.07"]
[Round "16"]
[White "Stefanova, Antoaneta"]
[Black "Brkic, Ante"]
[Result "1/2-1/2"]
[WhiteElo "2486"]
[BlackElo "2563"]
[PlyCount "89"]
[EventDate "2018.12.06"]
[EventType "swiss"]
[EventCountry "MKD"]

1. d4 d5 2. Bf4 c5 3. e3 Nc6 4. Nf3 Nf6 5. Nc3 Bg4 6. Be2 Bxf3 7. Bxf3 cxd4 8. exd4 e6 9. Qd3 Rc8 10. a3 Be7 11. O-O O-O 12. Ne2 Na5 13. b3 Bd6 14. g3 Qe7 15. Bd2 Nc6 16. Bc1 e5 17. Bg2 exd4 18. Bb2 Bc5 19. Nxd4 Nxd4 20. Bxd4 Bxd4 21. Qxd4 Qc5 22. Rfd1 Qxc2 23. Qxa7 Qxb3 24. Rab1 Qa2 25. Qxb7 Qxa3 26. Bxd5 Rce8 27. Qb3 Qa7 28. Bf3 h5 29. h4 Re7 30. Qd3 Rfe8 31. Kg2 g6 32. Qd4 Qxd4 33. Rxd4 Kg7 34. Rd2 Re5 35. Rbb2 R8e7 36. Re2 Nd7 37. Rxe5 Nxe5 38. Bd5 Rd7 39. Be4 Ng4 40. Bf3 Ne5 41. Be4 Rd4 42. Bf3 Kf6 43. Rb6+ Ke7 44. Rb7+ Kf6 45. Rb6+ 1/2-1/2

[Event "European Blitz-ch 2018"]
[Site "Skopje"]
[Date "2018.12.07"]
[Round "16"]
[White "Dragnev, Valentin"]
[Black "Laznicka, Viktor"]
[Result "0-1"]
[WhiteElo "2483"]
[BlackElo "2675"]
[Annotator "TA"]
[PlyCount "104"]
[EventDate "2018.12.06"]
[EventType "swiss"]
[EventCountry "MKD"]

1. d4 Nf6 2. Bf4 d5 3. e3 c5 4. c3 Nc6 5. Nd2 Bf5 6. Ngf3 e6 7. Be2 Bd6 8. Bxd6 Qxd6 9. Nh4 Bg6 10. O-O O-O 11. Nxg6 hxg6 12. a3 e5 13. dxc5 Qxc5 14. Rc1 Rad8 15. Qa4 a6 16. Rfd1 Rfe8 17. h3 Qe7 18. Bf1 Rd6 19. c4 d4 20. c5 Rd7 21. e4 Red8 22. Bd3 Nh5 23. g3 Kh7 24. b4 Rh8 25. Qb3 Nd8 26. Nf3 Kg8 27. h4 Qf6 28. Ng5 Nf4 29. Bf1 Nde6 30. Nxe6 Nxe6 31. c6 bxc6 32. Rxc6 g5 33. Rc8+ Rd8 34. Rxd8+ Qxd8 35. Qd5 Qf6 36. Qa8+ Kh7 37. Qxa6 gxh4 38. Qe2 hxg3 39. fxg3 d3 40. Rxd3 Nd4 41. Qf2 Qg6 42. b5 Rb8 43. a4 Qxe4 44. Rc3 Qg6 45. Bd3 f5 46. Rc6 Qg5 47. Rc5 Re8 48. b6 e4 49. Bf1 Nf3+ 50. Kg2 Qh5 51. Be2 Qh2+ 52. Kf1 Qh1+ 0-1

[Event "European Blitz-ch 2018"]
[Site "Skopje"]
[Date "2018.12.07"]
[Round "16"]
[White "Belyakov, Bogdan"]
[Black "Milanovic, Danilo"]
[Result "1-0"]
[WhiteElo "2459"]
[BlackElo "2494"]
[Annotator "TA"]
[PlyCount "68"]
[EventDate "2018.12.06"]
[EventType "swiss"]
[EventCountry "MKD"]

1. e4 d5 2. exd5 Qxd5 3. Nc3 Qd6 4. Nb5 Qd8 5. d4 c6 6. Nc3 Nf6 7. Bf4 Bf5 8. Qd2 e6 9. a3 Be7 10. Nf3 Nbd7 11. h3 Qb6 12. Na4 Qd8 13. Bd3 Bg6 14. O-O O-O 15. Bxg6 hxg6 16. Rfe1 b5 17. Nc3 Qb6 18. Rad1 Rad8 19. Qe2 Rfe8 20. Ne4 Nxe4 21. Qxe4 Nf6 22. Qe2 c5 23. dxc5 Bxc5 24. Bg5 a5 25. Ne5 Rxd1 26. Rxd1 Nd5 27. Bh4 b4 28. Nc4 Qb5 29. a4 Qxa4 30. Ne5 b3 31. c4 Nf6 32. Qf3 Be7 33. Qb7 Qb4 34. Qc6 Qc5 1-0

[Event "European Blitz-ch 2018"]
[Site "Skopje"]
[Date "2018.12.07"]
[Round "16"]
[White "Warmerdam, Max"]
[Black "Bosiocic, Marin"]
[Result "1-0"]
[WhiteElo "2433"]
[BlackElo "2599"]
[PlyCount "67"]
[EventDate "2018.12.06"]
[EventType "swiss"]
[EventCountry "MKD"]

1. e4 e5 2. Nf3 Nc6 3. Bb5 a6 4. Ba4 b5 5. Bb3 g6 6. d4 exd4 7. Nxd4 Na5 8. O-O Bg7 9. e5 Bb7 10. Nc3 c5 11. Ndxb5 axb5 12. Nxb5 Nxb3 13. Nd6+ Kf8 14. Nxb7 Qb6 15. Nd6 Nd4 16. c3 Nf5 17. Qd5 Nxd6 18. Qxa8+ Ne8 19. Rd1 Bxe5 20. Rxd7 h5 21. Qd5 Qf6 22. Be3 Kg7 23. Bxc5 h4 24. Re1 Rh5 25. Bd4 Bxd4 26. Qxd4 Qxd4 27. Rxd4 Nef6 28. a4 Ra5 29. Ra1 Nh6 30. b4 Re5 31. a5 Nf5 32. Rd3 h3 33. a6 Re8 34. a7 1-0

[Event "European Blitz-ch 2018"]
[Site "Skopje"]
[Date "2018.12.07"]
[Round "16"]
[White "Stojanovski, Dejan"]
[Black "Popov, Valerij"]
[Result "0-1"]
[WhiteElo "2430"]
[BlackElo "2532"]
[PlyCount "118"]
[EventDate "2018.12.06"]
[EventType "swiss"]
[EventCountry "MKD"]

1. d4 d5 2. Nf3 Nf6 3. Bf4 e6 4. e3 c5 5. c3 Nc6 6. Nbd2 Bd6 7. Bg3 O-O 8. Bd3 b6 9. Qe2 Bb7 10. Rd1 h6 11. O-O Qc7 12. dxc5 bxc5 13. e4 Bxg3 14. hxg3 Rfd8 15. Bb1 a5 16. Rfe1 Ba6 17. Qe3 d4 18. cxd4 cxd4 19. Qf4 e5 20. Qh4 a4 21. Rc1 Qd6 22. Nc4 Bxc4 23. Rxc4 Rdb8 24. Rec1 Ne7 25. R4c2 Ng6 26. Qh3 Qd8 27. Qf5 Qe8 28. a3 Nd7 29. Ba2 Ngf8 30. Bd5 Ra6 31. Ne1 g6 32. Qf3 Nf6 33. Bc4 Rab6 34. Nd3 Kg7 35. Nb4 N8d7 36. g4 Nh7 37. Bd5 Ndf6 38. Bc6 Qe7 39. Bxa4 Ng5 40. Qe2 Qd6 41. Rc6 Rxc6 42. Rxc6 Qd8 43. Bc2 Ne6 44. g3 Qd7 45. Rc4 Ng5 46. f3 Rb6 47. Kg2 h5 48. f4 exf4 49. gxf4 Ne6 50. Kg3 Nxg4 51. e5 g5 52. fxg5 Nxg5 53. Qd2 Ne6 54. Bf5 Ne3 55. Rc1 Nxf5+ 56. Kh3 Ne3 57. Rg1+ Kf8 58. Kh2 Nf4 59. Rg3 Nf1+ 0-1

[Event "European Blitz-ch 2018"]
[Site "Skopje"]
[Date "2018.12.07"]
[Round "16"]
[White "Tsolakidou, Stavroula"]
[Black "Markoja, Boris"]
[Result "0-1"]
[WhiteElo "2387"]
[BlackElo "2430"]
[Annotator "TA"]
[PlyCount "74"]
[EventDate "2018.12.06"]
[EventType "swiss"]
[EventCountry "MKD"]

1. d4 Nf6 2. c4 c5 3. Nf3 cxd4 4. Nxd4 Nc6 5. Nc3 g6 6. e4 d6 7. Be2 Nxd4 8. Qxd4 Bg7 9. Bg5 O-O 10. Qd2 a5 11. O-O a4 12. Rac1 Be6 13. f3 Qb6+ 14. Be3 Qa5 15. Nb5 Qxd2 16. Bxd2 Rfc8 17. Be3 Nd7 18. Rc2 Nc5 19. Rd1 Bd7 20. Nc3 Bc6 21. Bf1 Kf8 22. Nd5 Bxd5 23. cxd5 Rcb8 24. Bb5 Ra5 25. Be2 b5 26. Rb1 b4 27. Rc4 Ra7 28. Kf1 Rab7 29. Ke1 Be5 30. g3 Bf6 31. h4 h5 32. Kf2 a3 33. b3 Bb2 34. f4 Nxb3 35. f5 Nc5 36. g4 b3 37. axb3 a2 0-1

[Event "European Blitz-ch 2018"]
[Site "Skopje"]
[Date "2018.12.07"]
[Round "16"]
[White "Petkidis, Anthony"]
[Black "Potapov, Pavel"]
[Result "1/2-1/2"]
[WhiteElo "2375"]
[BlackElo "2516"]
[PlyCount "84"]
[EventDate "2018.12.06"]
[EventType "swiss"]
[EventCountry "MKD"]

1. e4 c5 2. Nf3 Nc6 3. d4 cxd4 4. Nxd4 e5 5. Nb5 d6 6. N1c3 a6 7. Na3 Be7 8. Nc4 b5 9. Ne3 Nf6 10. Ned5 O-O 11. g3 b4 12. Nxf6+ Bxf6 13. Nd5 Bg5 14. Bg2 Rb8 15. O-O Bxc1 16. Rxc1 Be6 17. Qd3 a5 18. Rfd1 Nd4 19. c3 bxc3 20. bxc3 Bxd5 21. exd5 Nb5 22. c4 Nd4 23. c5 dxc5 24. Rxc5 Rb2 25. Qa3 Qb6 26. Qxa5 Qf6 27. Rf1 g6 28. d6 Qxd6 29. Rxe5 Rxa2 30. Qd5 Qxd5 31. Bxd5 Rd2 32. Kg2 Rd8 33. Bc4 Rc2 34. Bd5 Kg7 35. Rd1 Nf5 36. Ree1 Kf6 37. Bf3 Rxd1 38. Bxd1 Rc1 39. Rf1 h5 40. h4 Ra1 41. Bf3 Rxf1 42. Kxf1 Ke5 1/2-1/2

[Event "European Blitz-ch 2018"]
[Site "Skopje"]
[Date "2018.12.07"]
[Round "16"]
[White "Timmermans, Mark"]
[Black "Jovanovic, Zoran"]
[Result "0-1"]
[WhiteElo "2375"]
[BlackElo "2518"]
[Annotator "TA"]
[PlyCount "72"]
[EventDate "2018.12.06"]
[EventType "swiss"]
[EventCountry "MKD"]

1. b4 e5 2. Bb2 Bxb4 3. Bxe5 Nf6 4. Nc3 O-O 5. Bxf6 Qxf6 6. Nd5 Qd6 7. c4 Ba5 8. e3 c6 9. Nf4 Re8 10. Be2 Na6 11. Nf3 Nc5 12. O-O Ne4 13. Bd3 Nf6 14. Bc2 Qe7 15. d4 d6 16. Rb1 Bc7 17. d5 Bb6 18. Nd4 Bd7 19. Qf3 Rac8 20. dxc6 bxc6 21. Ba4 Bxd4 22. exd4 Qe4 23. Rfd1 Rb8 24. Rxb8 Rxb8 25. d5 Qxf3 26. gxf3 c5 27. Bxd7 Nxd7 28. Nd3 Kf8 29. Kf1 Rb6 30. Rc1 Ra6 31. Rc2 Nb6 32. Ke2 Ra4 33. f4 Nxc4 34. Kf3 Nb6 35. h4 Ra3 36. Ke4 f5+ 0-1

[Event "European Blitz-ch 2018"]
[Site "Skopje"]
[Date "2018.12.07"]
[Round "16"]
[White "Stoyanov, Tsvetan"]
[Black "Djukic, Nikola"]
[Result "0-1"]
[WhiteElo "2310"]
[BlackElo "2574"]
[Annotator "TA"]
[PlyCount "82"]
[EventDate "2018.12.06"]
[EventType "swiss"]
[EventCountry "MKD"]

1. e4 g6 2. d4 Bg7 3. Nf3 d6 4. b3 c5 5. c3 cxd4 6. cxd4 Bg4 7. Bb2 Nc6 8. Bb5 a6 9. Bxc6+ bxc6 10. Nbd2 Nf6 11. h3 Bd7 12. O-O O-O 13. Rc1 a5 14. Qc2 a4 15. bxa4 Qa5 16. e5 Nd5 17. exd6 exd6 18. Nc4 Qxa4 19. Nxd6 Qxc2 20. Rxc2 Rxa2 21. Ra1 Rfa8 22. Rxa2 Rxa2 23. Ne1 Bf8 24. Nc4 Nb4 25. Re2 Be6 26. Ne5 Bd5 27. g3 h5 28. f4 Kg7 29. Kf2 f6 30. N5d3 Nxd3+ 31. Nxd3 Bc4 32. Ke3 Bd6 33. Bc3 Ra3 34. Rc2 Bb3 35. Rc1 Be6 36. Kd2 Bxh3 37. Bb2 Ra6 38. Nc5 Ra2 39. Kc3 Bf5 40. Kb3 Ra8 41. Nb7 Rb8 0-1

[Event "European Blitz-ch 2018"]
[Site "Skopje"]
[Date "2018.12.07"]
[Round "16"]
[White "Putka, Verners"]
[Black "Demchenko, Anton"]
[Result "1-0"]
[WhiteElo "2307"]
[BlackElo "2679"]
[Annotator "TA"]
[PlyCount "187"]
[EventDate "2018.12.06"]
[EventType "swiss"]
[EventCountry "MKD"]

1. d4 Nf6 2. Nf3 g6 3. g3 Bg7 4. Bg2 O-O 5. O-O d6 6. c4 Nbd7 7. Nc3 e5 8. e4 exd4 9. Nxd4 Re8 10. Re1 Nc5 11. h3 Bd7 12. b3 h6 13. Bb2 a5 14. Rc1 a4 15. b4 a3 16. Ba1 Ne6 17. Nd5 Ng5 18. Nxf6+ Bxf6 19. h4 Nh7 20. Nb3 Bxa1 21. Rxa1 h5 22. Rc1 Nf6 23. c5 Be6 24. Qf3 Ng4 25. Red1 Qe7 26. cxd6 cxd6 27. Rd2 Rac8 28. Qd1 Bxb3 29. axb3 Rxc1 30. Qxc1 Ra8 31. Ra2 Qf6 32. e5 dxe5 33. Bxb7 Rb8 34. Bd5 Rxb4 35. Qxa3 Rd4 36. Qa8+ Kg7 37. Qb7 Qf5 38. Re2 Rd1+ 39. Kg2 Nh6 40. Be4 Qe6 41. Bf3 Rb1 42. Bd5 Qd6 43. Re3 Qf6 44. Rf3 Nf5 45. b4 Rb2 46. Kg1 Rb1+ 47. Kg2 Rb2 48. Kg1 Rb1+ 49. Kg2 Rb2 50. Kg1 Rb1+ 51. Kg2 Rb2 52. Kg1 Rb1+ 53. Kh2 Rb2 54. b5 e4 55. Bxe4 Qd4 56. Bxf5 gxf5 57. Rxf5 Rxf2+ 58. Rxf2 Qxf2+ 59. Qg2 Qc5 60. Qb2+ Kg8 61. b6 Qc8 62. b7 Qb8 63. Qb5 Kg7 64. Qg5+ Kf8 65. Qb5 Kg7 66. Qc6 Kh7 67. Qc8 Qe5 68. Qc2+ Kg7 69. Qf2 Qb5 70. Qd4+ Kh7 71. Qe4+ Kg7 72. Qf3 Qb2+ 73. Kh3 Qb1 74. Qc3+ Kh7 75. Qf3 Kg7 76. Kh2 Qb2+ 77. Qg2 Qb3 78. Kh1 Qb1+ 79. Kh2 Qb3 80. Qe4 Qb2+ 81. Kg1 Qc1+ 82. Kf2 Qb2+ 83. Kf3 Qb3+ 84. Kf4 Qb6 85. Qe5+ Kh7 86. b8=Q Qf2+ 87. Ke4 Qe2+ 88. Kd5 Qa2+ 89. Kd6 Qa6+ 90. Kd7 Qa4+ 91. Qbb5 Qa7+ 92. Ke8 Qa8+ 93. Kxf7 Qg8+ 94. Ke7 1-0

[Event "European Blitz-ch 2018"]
[Site "Skopje"]
[Date "2018.12.07"]
[Round "16"]
[White "Golikov, Daniil"]
[Black "Damljanovic, Branko"]
[Result "0-1"]
[WhiteElo "2278"]
[BlackElo "2495"]
[Annotator "TA"]
[PlyCount "125"]
[EventDate "2018.12.06"]
[EventType "swiss"]
[EventCountry "MKD"]

1. c4 g6 2. Nc3 Bg7 3. d4 d6 4. g3 Nf6 5. Bg2 O-O 6. Nf3 Nc6 7. O-O Bf5 8. d5 Na5 9. Qa4 c5 10. dxc6 Nxc6 11. Nd5 Be4 12. Nc3 Bf5 13. Nd5 Nd7 14. Qb3 Nc5 15. Qd1 Qd7 16. Ne3 Bh3 17. Bxh3 Qxh3 18. Nc2 Rfd8 19. Ncd4 Nxd4 20. Nxd4 d5 21. Nf3 dxc4 22. Qc2 b5 23. Be3 Na4 24. Rab1 Qf5 25. Qxf5 gxf5 26. Bc1 Rac8 27. Kg2 e6 28. Re1 a6 29. h4 h6 30. e3 Nc5 31. Ng1 Rd7 32. Ne2 Rcd8 33. Nf4 Rd1 34. Kf1 Rxe1+ 35. Kxe1 Be5 36. Bd2 Bxf4 37. exf4 f6 38. Ke2 Kf7 39. Ba5 Rd3 40. Rc1 Rd5 41. Rc2 h5 42. Bb4 Nd3 43. Ba5 e5 44. fxe5 fxe5 45. b3 cxb3 46. axb3 b4 47. Bb6 e4 48. Be3 a5 49. Rc7+ Ke6 50. Rc6+ Rd6 51. Rc8 Ra6 52. f3 a4 53. bxa4 Rxa4 54. fxe4 fxe4 55. Bd4 b3 56. Ke3 Nb4 57. Kd2 Nd5 58. Bb2 Ra2 59. Kc1 Nb4 60. Bd4 Nd3+ 61. Kd1 Rg2 62. Rb8 b2 63. Rb5 0-1

[Event "European Blitz-ch 2018"]
[Site "Skopje"]
[Date "2018.12.07"]
[Round "17"]
[White "Artemiev, Vladislav"]
[Black "Navara, David"]
[Result "1-0"]
[WhiteElo "2709"]
[BlackElo "2736"]
[PlyCount "86"]
[EventDate "2018.12.06"]
[EventType "swiss"]
[EventCountry "MKD"]

1. Nf3 d5 2. g3 c6 3. Bg2 Bg4 4. O-O Nd7 5. d4 e6 6. Nbd2 Ngf6 7. Re1 Be7 8. e4 O-O 9. c3 dxe4 10. Nxe4 Nxe4 11. Rxe4 Bxf3 12. Qxf3 Bg5 13. h4 Bxc1 14. Rxc1 Nf6 15. Re5 Nd7 16. Re3 Qa5 17. a3 Qb5 18. Rc2 a5 19. c4 Qb6 20. d5 exd5 21. cxd5 c5 22. Rb3 Qg6 23. Re2 b6 24. Bh3 Rad8 25. Re7 Qd6 26. Rxd7 Rxd7 27. Bxd7 c4 28. Rb5 Qxd7 29. Rxb6 Qc7 30. Rc6 Qe5 31. Rxc4 Qxb2 32. Qd3 Rd8 33. d6 g6 34. Rd4 Qc1+ 35. Kh2 Qe1 36. Kg2 Qe6 37. d7 h5 38. Qb5 Kh7 39. a4 Qf6 40. Rd5 Qe6 41. Qxa5 Qe4+ 42. Kh2 Qf3 43. Qc5 Qg4 1-0

[Event "European Blitz-ch 2018"]
[Site "Skopje"]
[Date "2018.12.07"]
[Round "17"]
[White "Cheparinov, Ivan"]
[Black "Sanal, Vahap"]
[Result "1-0"]
[WhiteElo "2709"]
[BlackElo "2490"]
[Annotator "TA"]
[PlyCount "145"]
[EventDate "2018.12.06"]
[EventType "swiss"]
[EventCountry "MKD"]

1. e4 e5 2. Nf3 Nc6 3. d4 exd4 4. Nxd4 Bc5 5. Nb3 Bb6 6. Nc3 Nf6 7. Qf3 Nd4 8. Nxd4 Bxd4 9. Bg5 c6 10. O-O-O Be5 11. Bf4 Qc7 12. Bxe5 Qxe5 13. Qg3 Qxg3 14. hxg3 Ke7 15. f3 d6 16. g4 Be6 17. g5 Nd7 18. Be2 b5 19. Rd2 b4 20. Nd1 a5 21. Kb1 Nb6 22. Ne3 d5 23. exd5 Nxd5 24. Nxd5+ Bxd5 25. Re1 Kd6 26. Bc4 Rae8 27. Red1 Re5 28. f4 Re4 29. Bxd5 cxd5 30. Rxd5+ Kc6 31. Rd6+ Kc7 32. Rd7+ Kc6 33. Rxf7 Rd8 34. Kc1 Rc8 35. Rxg7 Rxf4 36. Rxh7 Rf2 37. b3 Rxg2 38. Rg7 Re8 39. Rg6+ Kc5 40. Kb2 Ree2 41. Rc1 Re5 42. a4 Rexg5 43. Ra6 Kd4 44. Rd1+ Ke3 45. Re6+ Kf4 46. Rf6+ Ke5 47. Rfd6 Ke4 48. R6d4+ Ke3 49. R1d3+ Ke2 50. Re4+ Kf2 51. Rd2+ Kf1 52. Rxg2 Kxg2 53. c3 bxc3+ 54. Kxc3 Kf3 55. Re8 Rc5+ 56. Kd4 Rc7 57. Rb8 Kf4 58. Rf8+ Kg5 59. Ra8 Rb7 60. Kc4 Rc7+ 61. Kb5 Rb7+ 62. Kc4 Rc7+ 63. Kd4 Rd7+ 64. Kc3 Rc7+ 65. Kb2 Rc5 66. Rb8 Kf4 67. Rb5 Rc8 68. Rxa5 Ke4 69. Rb5 Kd3 70. a5 Rc2+ 71. Ka3 Kd4 72. Kb4 Rc6 73. Rb6 1-0

[Event "European Blitz-ch 2018"]
[Site "Skopje"]
[Date "2018.12.07"]
[Round "17"]
[White "Ragger, Markus"]
[Black "Radovanovic, Nikola"]
[Result "1-0"]
[WhiteElo "2687"]
[BlackElo "2418"]
[PlyCount "37"]
[EventDate "2018.12.06"]
[EventType "swiss"]
[EventCountry "MKD"]

1. e4 c5 2. Nf3 e6 3. d4 cxd4 4. Nxd4 Nf6 5. Nc3 d6 6. g4 h6 7. h4 a6 8. Qf3 Nc6 9. Nxc6 bxc6 10. g5 Nd7 11. Be3 hxg5 12. hxg5 Ne5 13. Qg2 Rxh1 14. Qxh1 Ng4 15. Bd2 Nxf2 16. Kxf2 Qb6+ 17. Ke1 Qxb2 18. Rb1 Qxc2 19. Qf3 1-0

[Event "European Blitz-ch 2018"]
[Site "Skopje"]
[Date "2018.12.07"]
[Round "17"]
[White "Demchenko, Anton"]
[Black "Bartel, Michal"]
[Result "1-0"]
[WhiteElo "2679"]
[BlackElo "2306"]
[Annotator "TA"]
[PlyCount "100"]
[EventDate "2018.12.06"]
[EventType "swiss"]
[EventCountry "MKD"]

1. e4 e5 2. Nf3 Nc6 3. Bc4 Be7 4. d3 Nf6 5. O-O O-O 6. Re1 d6 7. a4 Na5 8. Ba2 c5 9. Na3 Nc6 10. c3 h6 11. h3 Re8 12. Bd2 Bf8 13. Nc4 Be6 14. b4 cxb4 15. cxb4 Rc8 16. b5 Ne7 17. Be3 Ra8 18. Qd2 Ng6 19. Na5 Qd7 20. Bxe6 fxe6 21. Nc4 b6 22. Reb1 Qc7 23. Rc1 Qd7 24. Rab1 Rab8 25. Qa2 Nh5 26. g3 Be7 27. d4 Rf8 28. Qe2 exd4 29. Nxd4 Nf6 30. Nc6 Rb7 31. Qd3 e5 32. Kg2 Ne8 33. Rd1 Kh8 34. N4xe5 Nxe5 35. Nxe5 Qe6 36. Nc6 Nf6 37. f3 Rd7 38. Nd4 Qa2+ 39. Qc2 Qf7 40. Qb3 Qg6 41. Qe6 Rc7 42. Rbc1 Rc5 43. Qxe7 Re8 44. Qxd6 Rce5 45. Bf2 Qf7 46. Rc8 R5e7 47. Rxe8+ Rxe8 48. Nf5 Rf8 49. Bd4 Kh7 50. Bxf6 gxf6 1-0

[Event "European Blitz-ch 2018"]
[Site "Skopje"]
[Date "2018.12.07"]
[Round "17"]
[White "Anton Guijarro, David"]
[Black "Kevlishvili, Robby"]
[Result "0-1"]
[WhiteElo "2642"]
[BlackElo "2451"]
[PlyCount "62"]
[EventDate "2018.12.06"]
[EventType "swiss"]
[EventCountry "MKD"]

1. Nf3 d5 2. b3 Bf5 3. Bb2 e6 4. g3 Nd7 5. Bg2 h6 6. d3 Ngf6 7. Nbd2 Be7 8. O-O O-O 9. Re1 Bh7 10. e4 c6 11. Qe2 a5 12. a4 Qc7 13. e5 Ne8 14. Nd4 c5 15. Nb5 Qd8 16. c4 Nb8 17. cxd5 exd5 18. e6 f5 19. d4 Nc6 20. Nf3 Nf6 21. dxc5 Ne4 22. Nd6 Nxc5 23. Nf7 Qc8 24. Nd4 Nxd4 25. Bxd4 Nxb3 26. Rad1 Nxd4 27. Rxd4 Bb4 28. Rxb4 axb4 29. e7 Kxf7 30. Bxd5+ Kg6 31. h4 Bg8 0-1

[Event "European Blitz-ch 2018"]
[Site "Skopje"]
[Date "2018.12.07"]
[Round "17"]
[White "Lagarde, Maxime"]
[Black "Popov, Valerij"]
[Result "1-0"]
[WhiteElo "2616"]
[BlackElo "2532"]
[Annotator "TA"]
[PlyCount "98"]
[EventDate "2018.12.06"]
[EventType "swiss"]
[EventCountry "MKD"]

1. e4 c6 2. d4 d5 3. e5 Bf5 4. Nf3 e6 5. Be2 c5 6. Be3 Qb6 7. Nc3 Nc6 8. Na4 Qa5+ 9. c3 c4 10. Nh4 b5 11. Nc5 Bxc5 12. Nxf5 Bf8 13. Ng3 b4 14. Qd2 bxc3 15. bxc3 g6 16. h4 h5 17. O-O Be7 18. Rfb1 Bxh4 19. Rb7 Nd8 20. Rb2 Ne7 21. Rab1 Nec6 22. Nf1 Be7 23. Nh2 Ba3 24. Rb5 Qc7 25. Bg5 Be7 26. Nf3 Bxg5 27. Nxg5 Rb8 28. Rxb8 Nxb8 29. Qf4 Nbc6 30. Qf6 O-O 31. Bxh5 Qe7 32. Qxe7 Nxe7 33. Bd1 Ndc6 34. Ba4 Kg7 35. Rb7 Kg8 36. Kf1 Rb8 37. Bxc6 Nxc6 38. Rxf7 Rb1+ 39. Ke2 Rb2+ 40. Kd1 Rxa2 41. Rf6 Nd8 42. Rxg6+ Kf8 43. Nxe6+ Nxe6 44. Rxe6 Rxf2 45. g4 Rg2 46. Rd6 Rxg4 47. Rxd5 Rg3 48. Kc2 Rg2+ 49. Kb1 Ke8 1-0

[Event "European Blitz-ch 2018"]
[Site "Skopje"]
[Date "2018.12.07"]
[Round "17"]
[White "Van Foreest, Jorden"]
[Black "Banikas, Hristos"]
[Result "1-0"]
[WhiteElo "2614"]
[BlackElo "2601"]
[Annotator "TA"]
[PlyCount "113"]
[EventDate "2018.12.06"]
[EventType "swiss"]
[EventCountry "MKD"]

1. e4 g6 2. d4 Bg7 3. Nf3 d6 4. Bc4 c6 5. Bb3 a5 6. a4 Nf6 7. Qe2 O-O 8. O-O Na6 9. c3 Qc7 10. Na3 e5 11. h3 exd4 12. cxd4 Re8 13. Ng5 d5 14. e5 h6 15. Qf3 Nh7 16. Nxh7 Kxh7 17. Bf4 Be6 18. Nc2 Qe7 19. Rae1 Bf5 20. Ne3 Be4 21. Qd1 Nb4 22. f3 Bd3 23. Rf2 Ba6 24. Bc2 Nxc2 25. Qxc2 Rad8 26. Qc1 Qb4 27. Ng4 g5 28. Bd2 Qxd4 29. h4 h5 30. Bc3 Qf4 31. Bd2 Qd4 32. Nf6+ Bxf6 33. exf6 gxh4 34. Bc3 Qd3 35. Re7 Qg6 36. Qf4 Rxe7 37. fxe7 Re8 38. Bf6 Bd3 39. Qxh4 Qh6 40. Bg5 Qg7 41. Bf6 Qh6 42. Kh2 Bg6 43. Bg5 Qg7 44. g4 Qe5+ 45. f4 Qe3 46. f5 Qe5+ 47. Bf4 Qxe7 48. fxg6+ fxg6 49. Bg5 Qe5+ 50. Bf4 Qe7 51. Qh3 Qe6 52. gxh5 Qxh3+ 53. Kxh3 gxh5 54. Bc7 Re4 55. b3 Rb4 56. Rf3 b6 57. Rd3 1-0

[Event "European Blitz-ch 2018"]
[Site "Skopje"]
[Date "2018.12.07"]
[Round "17"]
[White "Erdos, Viktor"]
[Black "Mamedov, Rauf"]
[Result "1/2-1/2"]
[WhiteElo "2605"]
[BlackElo "2703"]
[Annotator "TA"]
[PlyCount "60"]
[EventDate "2018.12.06"]
[EventType "swiss"]
[EventCountry "MKD"]

1. Nf3 g6 2. d4 Bg7 3. c4 d6 4. g3 Nd7 5. Bg2 e5 6. O-O exd4 7. Nxd4 Ne7 8. Nc3 O-O 9. e4 Nc6 10. Be3 Nde5 11. Nxc6 bxc6 12. b3 Nxc4 13. bxc4 Bxc3 14. Rc1 Bg7 15. c5 Bb7 16. Qa4 a5 17. Rfd1 Qe7 18. Rb1 Ba6 19. Qxc6 Qe6 20. a4 dxc5 21. Qxe6 fxe6 22. Bxc5 Rfd8 23. e5 Rxd1+ 24. Rxd1 Rb8 25. f4 Bf8 26. Rc1 Bxc5+ 27. Rxc5 Rb1+ 28. Kf2 Rb2+ 29. Kg1 Rb1+ 30. Kf2 Rb2+ 1/2-1/2

[Event "European Blitz-ch 2018"]
[Site "Skopje"]
[Date "2018.12.07"]
[Round "17"]
[White "Ivanisevic, Ivan"]
[Black "Stefanova, Antoaneta"]
[Result "1/2-1/2"]
[WhiteElo "2603"]
[BlackElo "2486"]
[Annotator "TA"]
[PlyCount "70"]
[EventDate "2018.12.06"]
[EventType "swiss"]
[EventCountry "MKD"]

1. d4 d5 2. c4 c6 3. Nf3 Nf6 4. Nc3 a6 5. g3 dxc4 6. Bg2 b5 7. O-O Bb7 8. Ne5 e6 9. b3 b4 10. Ne4 Nxe4 11. Bxe4 c3 12. Qd3 Nd7 13. Bxc6 Bxc6 14. Nxc6 Qb6 15. d5 e5 16. a3 bxa3 17. Bxa3 Bxa3 18. Rxa3 O-O 19. Qxc3 Rfe8 20. b4 e4 21. Rd1 Qb5 22. Qb2 Nf6 23. Ra5 Qb6 24. Rc5 e3 25. f3 Nd7 26. Rc4 a5 27. b5 a4 28. Ra1 a3 29. Rxa3 Rxa3 30. Qxa3 Qxb5 31. Re4 Rxe4 32. fxe4 Qb1+ 33. Kg2 Qxe4+ 34. Kg1 Qb1+ 35. Kg2 Qe4+ 1/2-1/2

[Event "European Blitz-ch 2018"]
[Site "Skopje"]
[Date "2018.12.07"]
[Round "17"]
[White "Perunovic, Milos"]
[Black "Fridman, Daniel"]
[Result "1-0"]
[WhiteElo "2597"]
[BlackElo "2633"]
[Annotator "TA"]
[PlyCount "51"]
[EventDate "2018.12.06"]
[EventType "swiss"]
[EventCountry "MKD"]

1. e4 e5 2. Nf3 Nf6 3. d4 Nxe4 4. Bd3 d5 5. Nxe5 Nd7 6. O-O Nxe5 7. dxe5 Nc5 8. f4 Nxd3 9. Qxd3 g6 10. Nc3 c6 11. Be3 Be7 12. Ne2 h5 13. Rad1 O-O 14. f5 Bxf5 15. Rxf5 gxf5 16. Qxf5 Kg7 17. Ng3 Rh8 18. Rf1 Qg8 19. Nxh5+ Kf8 20. e6 Rh7 21. Nf6 Bxf6 22. Qxf6 Ke8 23. Bc5 fxe6 24. Qf8+ Qxf8 25. Rxf8+ Kd7 26. Rxa8 1-0

[Event "European Blitz-ch 2018"]
[Site "Skopje"]
[Date "2018.12.07"]
[Round "17"]
[White "Georgiev, Kiril"]
[Black "Ivic, Velimir"]
[Result "0-1"]
[WhiteElo "2595"]
[BlackElo "2497"]
[Annotator "TA"]
[PlyCount "99"]
[EventDate "2018.12.06"]
[EventType "swiss"]
[EventCountry "MKD"]

1. d4 Nf6 2. Nf3 g6 3. Bg5 Bg7 4. c3 O-O 5. Nbd2 d5 6. e3 Nbd7 7. b4 Re8 8. Be2 e5 9. O-O c6 10. Qb3 h6 11. Bh4 a5 12. a3 e4 13. Ne1 a4 14. Qd1 b5 15. Nc2 Nf8 16. f3 exf3 17. Bxf3 N8h7 18. Kh1 Ng5 19. Be2 Bf5 20. Bf2 Qd7 21. Bg1 Re7 22. Ne1 Rae8 23. Ndf3 Nfe4 24. Rc1 Nd6 25. Nd3 Nge4 26. Nde5 Qc7 27. Qe1 f6 28. Nd3 g5 29. Nc5 Bg6 30. Bd3 Nc4 31. Ra1 h5 32. Ra2 h4 33. Bxe4 dxe4 34. Nd2 Nd6 35. h3 Nf5 36. Bh2 Ng3+ 37. Kg1 f5 38. Nb1 f4 39. Rff2 Rf7 40. Nd2 fxe3 41. Qxe3 Rxf2 42. Kxf2 Qf4+ 43. Qxf4 gxf4 44. Ke1 Bh6 45. Nd7 Bg7 46. Rb2 Re7 47. Nc5 f3 48. Bxg3 hxg3 49. gxf3 exf3+ 50. Kf1 0-1

[Event "European Blitz-ch 2018"]
[Site "Skopje"]
[Date "2018.12.07"]
[Round "17"]
[White "Stevic, Hrvoje"]
[Black "Markoja, Boris"]
[Result "0-1"]
[WhiteElo "2587"]
[BlackElo "2430"]
[PlyCount "78"]
[EventDate "2018.12.06"]
[EventType "swiss"]
[EventCountry "MKD"]

1. e4 c5 2. c3 d5 3. exd5 Qxd5 4. d4 g6 5. Nf3 Nc6 6. Be2 cxd4 7. cxd4 Nf6 8. Nc3 Qd8 9. d5 Nb8 10. O-O Bg7 11. Bb5+ Bd7 12. Bc4 O-O 13. Re1 Na6 14. Qe2 Bg4 15. h3 Bxf3 16. Qxf3 Rc8 17. Bf1 Nb4 18. Rd1 Qa5 19. Bf4 Rfd8 20. d6 exd6 21. Qxb7 d5 22. a3 Nc6 23. b4 Qb6 24. Qxb6 axb6 25. Rac1 d4 26. Na4 Nd5 27. Bg5 f6 28. Bd2 Ne5 29. f4 Nc6 30. Bc4 Nce7 31. Nxb6 Rb8 32. Nxd5 Nxd5 33. f5 Kh8 34. Bd3 g5 35. Re1 Bf8 36. Re6 Bd6 37. Be4 Nf4 38. Rc6 Nxe6 39. fxe6 Rbc8 0-1